| 000 | 00545nam a2200205Ia 4500 | ||
|---|---|---|---|
| 005 | 20250326141207.0 | ||
| 008 | 250326s9999 xx 000 0 und d | ||
| 020 | _a81-203-0851-4 | ||
| 037 | _aTextbook | ||
| 040 |
_aFMSL _beng _cFMSL |
||
| 041 |
_aeng _2eng |
||
| 084 |
_aX65 N4;1 _qFMSL |
||
| 100 |
_aSharpe W.f _9736592 |
||
| 245 | 0 |
_aInvestments _cSharpe W.f; Alexander G.j |
|
| 250 | _a4 | ||
| 260 |
_aNew Delhi _bNew Delhi, Printice Hall _c1990 |
||
| 300 | _a862p | ||
| 942 |
_cTB _hX65 N4;1 |
||
| 999 |
_c1289154 _d1289154 |
||